00694nam a2200205 a 45000010005000000030008000050050017000130080041000300350016000710400036000870410008001230820017001311000034001482450106001822600046002883000034003345000051003686510043004197000026004625504BD-RjUL20211208234058.0131226s1964 enkb b 001 0 eng d aoxf98200846 aTOLdm.cdBD-RjULbengcBD-RjUL aeng 2350.944bRIP1 aRidley, F. F.q(Frederick F.)10aPublic administration in France /cF. Ridley and J. Blondel ; with an introduction by Peter Campbell. aLondon :bRoutledge & Kegan Paul,cc1964. axvi, 336 p. :bmaps ;c23 cm. aIncludes bibliographical references and index. 0aFrancexPolitics and governmenty1958-1 aBlondel, Jean,d1929-